| 000 | 00524nam a22001697a 4500 | ||
|---|---|---|---|
| 999 |
_c9321 _d9321 |
||
| 008 | 210403b ||||| |||| 00| 0 eng d | ||
| 040 | _aBMS College of Architecture | ||
| 100 | _aM, Anu | ||
| 245 | _aProposed holiday resort for Gokulam at Kumarakom Kottam Kerala | ||
| 300 | _a70p. | ||
| 500 | _a1BM99AT043 | ||
| 502 |
_8B.Arch _NBMS College of Architecture, Visvesvaraya Technological University _aProject report _d2005 |
||
| 650 | _aKottayam | ||
| 650 | _aKerala | ||
| 700 |
_aMamatha P Raj _eGudie |
||
| 942 |
_2ddc _cTHE |
||